Music Quiz

Random Music or Bands Quiz

20 Famous Punk Bands Quiz Stats

Quiz Updated Nov 14, 2015

Also try: Guitar Legends
Challenge
Share
Tweet
Score 0/20 Timer 07:00
0 Plays Today
% Correct
Green Day
91.9%
The Ramones
91.5%
Sex Pistols
86.8%
The Stooges
69.4%
The Clash
67.7%
Blink-182
58.4%
Misfits
48%
Dropkick Murphys
45.3%
Black Flag
42.9%
The Runaways
39.5%
% Correct
Bad Brains
32.1%
Generation X
29.9%
NOFX
26.6%
Rancid
26.3%
Bad Religion
23.6%
Dead Kennedys
21.7%
The Donnas
21.4%
Fugazi
20.1%
MC5
18.9%
Social Distortion
10.2%

You're not logged in!

Compare scores with friends on all Sporcle quizzes.
Sign Up with Email
OR
Log In

You Might Also Like...

Show Comments

Extras

Top Quizzes Today


Score Distribution

Your Account Isn't Verified!

In order to create a playlist on Sporcle, you need to verify the email address you used during registration. Go to your Sporcle Settings to finish the process.